Métodos Númericos
| Main Authors: | , |
|---|---|
| Format: | Section = Libro |
| Language: | Undetermined Spanish |
| Published: |
Nicaragua
UNI
2012
|
| Subjects: |
| LEADER | 00544nam a2200205Ia 4500 | ||
|---|---|---|---|
| 008 | 240830s9999 xx 000 0 und d | ||
| 040 | |a CEDOC FIQ-RUSB / 004 M385 | ||
| 041 | |a spa | ||
| 082 | |a 004 M385 | ||
| 100 | 1 | |a Martínez, Claudia. | |
| 100 | 1 | |b Luna, Fabio. Eddison | |
| 245 | 1 | 0 | |a Métodos Númericos |
| 260 | |a Nicaragua |b UNI |c 2012 | ||
| 300 | |a 136 p. :il | ||
| 650 | 7 | |a ANÁLISIS NÚMERICO | |
| 650 | 7 | |b ECUACIONES - SOLUCIONES NUMÉRICAS | |
| 650 | 7 | |c ECUACIONES DIFERENCIALES | |
| 942 | |c BK |2 ddc | ||
| 991 | |a TEXTO | ||
| 999 | |c 13125 | ||